Fundamental rights and freedoms in Kenya / (Record no. 3762)
[ view plain ]
| 000 -LEADER | |
|---|---|
| fixed length control field | 00713nam a22002292 4500 |
| 001 - CONTROL NUMBER | |
| control field | 0000018529 |
| 005 - DATE AND TIME OF LATEST TRANSACTION | |
| control field | 20151217145904.0 |
| 008 - FIXED-LENGTH DATA ELEMENTS--GENERAL INFORMATION | |
| fixed length control field | 100208s xx 000 0 eng d |
| 020 ## - INTERNATIONAL STANDARD BOOK NUMBER | |
| International Standard Book Number | 0195727215 : |
| 040 ## - CATALOGING SOURCE | |
| Original cataloging agency | KABU |
| Transcribing agency | KABU |
| 100 1# - MAIN ENTRY--PERSONAL NAME | |
| Personal name | Kibwana Kivutha. |
| -- | 0000153442 |
| 245 10 - TITLE STATEMENT | |
| Title | Fundamental rights and freedoms in Kenya / |
| Statement of responsibility, etc. | Kivutha Kibwana. |
| 250 ## - EDITION STATEMENT | |
| Edition statement | 1st ed. |
| 260 ## - PUBLICATION, DISTRIBUTION, ETC. (IMPRINT) | |
| Place of publication, distribution, etc. | Nairobi : |
| Name of publisher, distributor, etc. | O. U. P., |
| Date of publication, distribution, etc. | 1990. |
| 300 ## - PHYSICAL DESCRIPTION | |
| Extent | ix, 95 p. |
| 650 #0 - SUBJECT ADDED ENTRY--TOPICAL TERM | |
| Topical term or geographic name as entry element | Civil rights |
| Geographic subdivision | Kenya. |
| -- | 0000177830 |
| 650 #0 - SUBJECT ADDED ENTRY--TOPICAL TERM | |
| Topical term or geographic name as entry element | Human rights |
| Geographic subdivision | Kenya. |
| -- | 0000177831 |
| 852 1# - LOCATION | |
| -- | p350 KSH |
| 852 1# - LOCATION | |
| -- | p350 KSH |
| 908 ## - PUT COMMAND PARAMETER (RLIN) | |
| Put command parameter | 100208 |
| 950 ## - LOCAL HOLDINGS (RLIN) | |
| -- | 1 |
| Withdrawn status | Lost status | Source of classification or shelving scheme | Not for loan | Home library | Current library | Date acquired | Total Checkouts | Full call number | Barcode | Date last seen | Date last checked out | Price effective from | Koha item type | Total Renewals | Damaged status |
|---|---|---|---|---|---|---|---|---|---|---|---|---|---|---|---|
| Library of Congress Classification | Kabarak, Main Campus | Kabarak, Main Campus | 17/12/2015 | 8 | KSK2095 .K58 1990 c. 4 | 19547 | 18/10/2023 | 30/09/2023 | 17/12/2015 | General Collection | |||||
| Library of Congress Classification | Kabarak, Main Campus | Kabarak, Main Campus | 17/12/2015 | 16 | KSK2095 .K58 1990 c. 2 | 24118 | 17/10/2023 | 12/09/2023 | 17/12/2015 | General Collection | 4 | ||||
| Lost | Library of Congress Classification | Kabarak, Main Campus | Kabarak, Main Campus | 17/12/2015 | 1 | KSK2095 .K58 1990 c. 3 | 24119 | 26/01/2016 | 26/01/2016 | 17/12/2015 | General Collection | ||||
| Library of Congress Classification | Kabarak, Main Campus | Kabarak, Main Campus | 17/12/2015 | 16 | KSK2095 .K58 1990 c. 5 | 19546 | 09/10/2024 | 23/09/2024 | 17/12/2015 | General Collection | 2 | ||||
| Library of Congress Classification | Kabarak, Main Campus | Kabarak, Main Campus | 17/12/2015 | KSK2095 .K58 1990 c. 1 | 18439 | 17/12/2015 | 17/12/2015 | Africana Collection |